000 00427nam a2200169 a 4500
005 20140412111248.0
008 010924s19uu xx 00 eng d
020 _a0-7214-3592-0
050 _aER
_bPe44 1996
245 _aPeter pan.
260 _aLeicestershire, UK :
_bLadybird Books Ltd,
_c1996.
300 _a43p. ; ill.
440 _aDisney
650 _aAdventures
650 _aChlildren's stories
999 _c103009
_d103009